000 00507nam a2200181Ia 4500
008 090123s9999 xx 000 0 und d
082 _b4196
100 _aतेंडुलकर विजय
245 _aरातराणी
250 _a1
260 _bसुलभ मु.
_c1976
300 _a144
600 _aतेंडुलकर विजय
630 _aरातराणी
700 _aतेंडुलकर विजय
730 _aरातराणी
942 _cBOOK
999 _c42272
_d42272